| 000 | 00412nam a2200157 a 4500 | ||
|---|---|---|---|
| 005 | 20140310183208.0 | ||
| 008 | 030207s19uu xx 00 eng d | ||
| 050 |
_aPS 3523 _b.L847 1963 |
||
| 100 | _aLondon, Jack | ||
| 245 |
_aThe call of the wind / _cJack London. |
||
| 260 |
_aNew York : _bScholastic, Inc, _c1963. |
||
| 300 |
_a172 p. : _c18 cm. |
||
| 650 | _aFiction | ||
| 942 |
_cBK _2lcc |
||
| 999 |
_c20043 _d20043 |
||